<?xml version="1.0" encoding="UTF-8"?>
<record
    xmlns:xsi="http://www.w3.org/2001/XMLSchema-instance"
    xsi:schemaLocation="http://www.loc.gov/MARC21/slim http://www.loc.gov/standards/marcxml/schema/MARC21slim.xsd"
    xmlns="http://www.loc.gov/MARC21/slim">

  <leader>00751nab a2200217 uc4500</leader>
  <controlfield tag="001">314723</controlfield>
  <controlfield tag="005">20240201130407.0</controlfield>
  <controlfield tag="008">981110e19970315                    spa  </controlfield>
  <datafield tag="035" ind1=" " ind2=" ">
    <subfield code="a">314723</subfield>
  </datafield>
  <datafield tag="035" ind1=" " ind2=" ">
    <subfield code="a">(OCoLC)819769946</subfield>
  </datafield>
  <datafield tag="040" ind1=" " ind2=" ">
    <subfield code="c">comduadb</subfield>
  </datafield>
  <datafield tag="041" ind1=" " ind2=" ">
    <subfield code="a">spa</subfield>
  </datafield>
  <datafield tag="100" ind1="1" ind2="0">
    <subfield code="a">Sierra, Luis M.</subfield>
    <subfield code="4">aut</subfield>
    <subfield code="e">aut</subfield>
    <subfield code="9">288247</subfield>
  </datafield>
  <datafield tag="245" ind1="1" ind2="0">
    <subfield code="a">Relaciones troficas de los juveniles de cinco especies de pargo (Pisces: Lutjanidae) en Cuba</subfield>
  </datafield>
  <datafield tag="650" ind1=" " ind2=" ">
    <subfield code="a">Lutianidos</subfield>
    <subfield code="9">56670</subfield>
  </datafield>
  <datafield tag="650" ind1=" " ind2=" ">
    <subfield code="a">Cadenas tr&#xF3;ficas (Ecolog&#xED;a)</subfield>
    <subfield code="9">25860</subfield>
  </datafield>
  <datafield tag="650" ind1=" " ind2=" ">
    <subfield code="a">Pargo</subfield>
    <subfield code="9">25861</subfield>
  </datafield>
  <datafield tag="650" ind1=" " ind2=" ">
    <subfield code="a">Ensenada de Punta Arenas (Cuba)</subfield>
    <subfield code="9">25862</subfield>
  </datafield>
  <datafield tag="773" ind1="0" ind2=" ">
    <subfield code="t">Revista de Biolog&#xED;a Tropical (San Jos&#xE9;)</subfield>
    <subfield code="g">Volumen 45, N&#xFA;mero 01B, Marzo 1997, p. 499-506</subfield>
    <subfield code="w">104773</subfield>
    <subfield code="x">0034-7744</subfield>
    <subfield code="0">91049</subfield>
  </datafield>
  <datafield tag="942" ind1=" " ind2=" ">
    <subfield code="c">ARIMP</subfield>
  </datafield>
  <datafield tag="999" ind1=" " ind2=" ">
    <subfield code="c">101925</subfield>
    <subfield code="d">101925</subfield>
  </datafield>
</record>
